000 01068nam0a22002411 4500
001 rc\706267
005 20031121170655.4
035 _a(NLR Aleph) 005941659
090 _a6685545
_c6685545
100 _a20031121d1985 u |0rusy50 ca
101 0 _arus
102 _aRU
105 _ay |||||||||
200 1 _aКультура быта - неотъемлемая сторона социалистического образа жизни
_e(Материал в помощь лектору)
_fР.И. Блихарж, к. филос. н.
_gПравл. о-ва "Знание" БССР. Координац. совет по пропаганде сов. образа жизни, коммунист. морали и этики
210 _aМинск
_cО-во "Знание" БССР
_d1985 (вып. дан. 1986)
215 _a[1], 19 с.
_d20
320 _aБиблиогр.: с. 18
700 1 _aБлихарж
_bР. И.
_gРозалия Ильинична
801 0 _aRU
_bNLR
_gpsbo
801 1 _aRU
_bELAR
_2rusmarc
852 _aNLR
_j86-4/25348
942 _cBOOK
980 _aNB